00505 2200181 4500001002100000005001500021008004100036020002200077035001900099041000700118082001000125090001600135100001900151245004900170260005100219300001900270650003400289INLIS00000000000711720241224113421241224||||||||| | ||| |||| || |  a978-979-045-234-3 0010-1224007117 aid0 a741.3 a741.3 DON b0 aMaharani Aulia00aBarney And Baby Bop Berbelanja Bahan Makanan aSolobPT. Tiga Serangkai Pustaka Mandiric2009 a24 hlm.; 19 cm 0aKESENIAN HIBURAN DAN OLAHRAGA